Two Treatises of Government.
Guardat en:
| Autor principal: | |
|---|---|
| Altres autors: | |
| Format: | Llibre |
| Idioma: | anglès |
| Publicat: |
London, England:
Cambridge University Press,
1967.
|
| Edició: | Second edition. |
| Col·lecció: | Texts in the Historory of Political Thought.
|
| Matèries: | |
| Etiquetes: |
Afegir etiqueta
Sense etiquetes, Sigues el primer a etiquetar aquest registre!
|
MARC
| LEADER | 00000nam a2200000 a 4500 | ||
|---|---|---|---|
| 001 | UCZ4293 | ||
| 003 | CL-VaPUC | ||
| 005 | 20220822114327.0 | ||
| 008 | 951106e19670000UK |||||||||||||||||eng|d | ||
| 999 | |c 240706 |d 240704 | ||
| 020 | |a 0-521-35448- (hb) | ||
| 020 | |a 0-521-35730-6 (pb) | ||
| 040 | |c Pontificia Universidad Católica de Valparaíso | ||
| 082 | 0 | 4 | |a 146.44 LOC 1967 |2 21 |
| 100 | |a Locke, John, |d 1632-1704 |9 258383 | ||
| 245 | 1 | 0 | |a Two Treatises of Government. |
| 250 | |a Second edition. | ||
| 260 | |a London, England: |b Cambridge University Press, |c 1967. | ||
| 300 | |a 464 páginas. | ||
| 440 | |a Texts in the Historory of Political Thought. |9 866170 | ||
| 500 | |a c.2 Donación Familia Prof. Alejandro Guzmán Brito. | ||
| 583 | |a last modification |c 19951106 00:00:00 |k Rodrigo Vera | ||
| 650 | 0 | |a Empirismo |9 255037 | |
| 650 | 0 | |a Escuelas filosóficas |9 266232 | |
| 650 | 0 | |a Filosofía inglesa |9 255676 | |
| 650 | 0 | |a Ciencias Políticas |9 255201 | |
| 650 | 0 | |a Política |9 255312 | |
| 700 | |a Laslett, Peter |e edited with an introduction and notes |9 866169 | ||
| 942 | |c BK |2 ddc |n 0 | ||
| 945 | |d 19951106 00:00:00 |a lriquelm | ||
| 952 | |0 0 |1 0 |4 0 |6 146_440000000000000_LOC_1967 |7 0 |8 P |9 252706 |a BIBEDU |b BIBEDU |c BIBEDU_PB |d 2019-11-18 |i 1594893 |o 146.44 LOC 1967 |p 1594893 |r 2024-01-25 |w 2019-11-18 |y BK |k FIL | ||
| 952 | |0 0 |1 0 |2 ddc |4 0 |6 146_440000000000000_LOC_1967 |7 1 |8 C_AGB |9 581199 |a BIBDER |b BIBDER |d 2022-02-08 |e Donación |i 5645468 |o 146.44 LOC 1967 |p 5645468 |r 2023-01-25 |t 2 |w 2022-02-08 |y BK_US |k AGB | ||